[Event "Almaty zt 3.4"]
[Site "Almaty"]
[Date "2025.04.02"]
[Round "1"]
[White "Turayev, Shahruh"]
[Black "Nazarbek, Alikhan"]
[Result "1-0"]
[WhiteElo "2164"]
[BlackElo "1808"]
[PlyCount "49"]
[EventDate "2025.04.02"]
[EventType "swiss"]
[EventRounds "9"]
[EventCountry "KAZ"]
[SourceTitle "CB15_2025"]
[SourceDate "2025.04.09"]
[SourceVersion "1"]
[SourceVersionDate "2025.04.09"]
[SourceQuality "1"]

1. c4 Nf6 2. Nc3 c5 3. Nf3 g6 4. g3 Bg7 5. Bg2 d5 6. cxd5 Nxd5 7. 0-0 0-0 8. d4 Nc6 9. dxc5 Nxc3 10. bxc3 Qa5 11. Be3 Bxc3 12. Rc1 Bg7 13. Qb3 Rb8 14. Ng5 Bf5 15. Nxf7 Rxf7 16. Bxc6 Qa6 17. Bb5 Qf6 18. Bc4 e6 19. c6 b5 20. a4 g5 21. axb5 h5 22. Rfd1 Bh3 23. Bd4 Qe7 24. Bxg7 Kxg7 25. Rd7 1-0

[Event "FIDE World Rapid Team"]
[Site "Almaty"]
[Date "2024.08.04"]
[Round "10.8"]
[White "Turayev, Shahruh"]
[Black "Hassan, Sayed Barakat"]
[Result "1-0"]
[WhiteElo "2097"]
[BlackElo "2279"]
[PlyCount "68"]
[EventDate "2024.08.02"]
[EventType "team (rapid)"]
[EventRounds "12"]
[EventCountry "KAZ"]
[SourceTitle "CBM 221 Extra"]
[Source "ChessBase"]
[SourceDate "2024.09.30"]
[SourceVersion "1"]
[SourceVersionDate "2024.09.30"]
[SourceQuality "1"]
[WhiteTeam "TKM Chess"]
[BlackTeam "Egypt"]
[WhiteTeamCountry "TKM"]
[BlackTeamCountry "EGY"]

1. d4 Nf6 2. c4 d6 3. Nc3 e5 4. d5 g6 5. g3 Bg7 6. Bg2 0-0 7. e4 c6 8. Nge2 a6 9. 0-0 cxd5 10. cxd5 b5 11. b4 Bd7 12. h3 Nh5 13. Qb3 f5 14. exf5 gxf5 15. f4 Kh8 16. Kh2 Rg8 17. Be3 Qe8 18. Rf3 Qg6 19. Rg1 e4 20. Rff1 Bc8 21. g4 fxg4 22. Nxe4 Bf5 23. Ng5 g3+ 24. Kh1 Nd7 25. Nd4 Rge8 26. Nde6 h6 27. Nxg7 Nxg7 28. Ne6 Nxe6 29. dxe6 Nf6 30. Bd4 Rac8 31. Rf3 Kh7 32. Rxg3 Ng4 33. hxg4 Bxg4 34. Rxg4 Qh5+ 1-0

[Event "FIDE World Rapid Team"]
[Site "Almaty"]
[Date "2024.08.03"]
[Round "8.2"]
[White "Erzhanov, Arman"]
[Black "Turayev, Shahruh"]
[Result "0-1"]
[WhiteElo "2114"]
[BlackElo "2097"]
[PlyCount "120"]
[EventDate "2024.08.02"]
[EventType "team (rapid)"]
[EventRounds "12"]
[EventCountry "KAZ"]
[SourceTitle "CBM 221 Extra"]
[Source "ChessBase"]
[SourceDate "2024.09.30"]
[SourceVersion "1"]
[SourceVersionDate "2024.09.30"]
[SourceQuality "1"]
[WhiteTeam "Kyrgyz Chess Academy"]
[BlackTeam "TKM Chess"]
[WhiteTeamCountry "KGZ"]
[BlackTeamCountry "TKM"]

1. e4 e6 2. d4 d5 3. Nd2 c5 4. exd5 Qxd5 5. Ngf3 cxd4 6. Bc4 Qd6 7. Qe2 Nf6 8. Nb3 Nc6 9. Bg5 Qb4+ 10. Bd2 Qb6 11. 0-0-0 a5 12. Bg5 Be7 13. Nbxd4 0-0 14. Rhe1 a4 15. a3 Ra5 16. Be3 Bc5 17. Nxc6 Bxe3+ 18. Qxe3 Qxc6 19. Ba2 Rc5 20. Rd2 b6 21. g3 Bb7 22. Ne5 Qc7 23. Nd3 Ra5 24. Qf4 Qxf4 25. Nxf4 g5 26. Nd3 Kg7 27. f4 h6 28. Ne5 Bd5 29. Bb1 Be4 30. Nc4 Ra6 31. Rd6 Rb8 32. Ne5 Ra7 33. c3 Bd5 34. Nc6 Bxc6 35. Rxc6 Rd7 36. Bc2 b5 37. fxg5 hxg5 38. Rc5 Rd5 39. Rxd5 Nxd5 40. Bd3 Rb6 41. Kd2 f5 42. Ke2 Kf6 43. Kf2 e5 44. Bf1 e4 45. Rd1 Ke5 46. Rd4 f4 47. Rd1 Ne3 48. Rd8 Nxf1 49. Kxf1 Rd6 50. Re8+ Kf5 51. Ke2 f3+ 52. Ke1 g4 53. Rf8+ Ke5 54. Re8+ Kd5 55. Rg8 Kc4 56. Rxg4 Kd3 57. Rf4 Ke3 58. h3 f2+ 59. Rxf2 Rd1+ 60. Kxd1 Kxf2 0-1

[Event "FIDE World Rapid Team"]
[Site "Almaty"]
[Date "2024.08.02"]
[Round "3.44"]
[White "Turayev, Shahruh"]
[Black "Jumabayev, Rinat"]
[Result "0-1"]
[WhiteElo "2097"]
[BlackElo "2577"]
[PlyCount "94"]
[EventDate "2024.08.02"]
[EventType "team (rapid)"]
[EventRounds "12"]
[EventCountry "KAZ"]
[SourceTitle "CBM 221 Extra"]
[Source "ChessBase"]
[SourceDate "2024.09.30"]
[SourceVersion "1"]
[SourceVersionDate "2024.09.30"]
[SourceQuality "1"]
[WhiteTeam "TKM Chess"]
[BlackTeam "Theme Int Trading"]
[WhiteTeamCountry "TKM"]
[BlackTeamCountry "SIN"]

1. d4 Nf6 2. c4 e6 3. Nf3 Bb4+ 4. Nbd2 d5 5. a3 Be7 6. g3 dxc4 7. Bg2 b5 8. Ne5 Nd5 9. 0-0 0-0 10. b3 cxb3 11. Nxb3 a5 12. Bb2 Bb7 13. Nc5 Bxc5 14. dxc5 f6 15. Ng4 h5 16. e4 hxg4 17. exd5 Bxd5 18. Qxg4 Qe8 19. Be4 Bxe4 20. Qxe4 Nc6 21. Rae1 Kf7 22. f4 Rd8 23. h4 Qd7 24. h5 Ne7 25. h6 Qd5 26. Qh7 Rg8 27. Rd1 Qxc5+ 28. Kg2 Qf5 29. Qxf5 Nxf5 30. h7 Ne3+ 31. Kf3 Nxd1 32. hxg8Q+ Kxg8 33. Ba1 b4 34. axb4 axb4 35. Ke2 Nc3+ 36. Bxc3 bxc3 37. Rc1 c5 38. Rxc3 Rc8 39. Kd3 Kf7 40. Ke4 c4 41. g4 Kg6 42. f5+ Kf7 43. fxe6+ Kxe6 44. Kd4 f5 45. Re3+ Kf6 46. Rf3 g6 47. Kc3 Ke5 0-1

[Event "Wch Blitz"]
[Site "Samarkand"]
[Date "2023.12.30"]
[Round "17"]
[White "Khusenkhojaev, Mustafokhuja"]
[Black "Turayev, Shahruh"]
[Result "1-0"]
[WhiteElo "2298"]
[BlackElo "2183"]
[PlyCount "183"]
[EventDate "2023.12.29"]
[EventType "swiss (blitz)"]
[EventRounds "21"]
[EventCountry "UZB"]
[SourceTitle "CBM 217 Extra"]
[Source "ChessBase"]
[SourceDate "2024.01.31"]
[SourceVersion "1"]
[SourceVersionDate "2024.01.31"]
[SourceQuality "1"]

1. d4 d5 2. Nf3 Nf6 3. c4 dxc4 4. e3 Bg4 5. Bxc4 e6 6. h3 Bh5 7. 0-0 a6 8. Nc3 Nc6 9. Be2 Bd6 10. b3 0-0 11. Bb2 Qe7 12. Nd2 Bxe2 13. Qxe2 Ba3 14. Bxa3 Qxa3 15. Nc4 Qe7 16. Rac1 Rfd8 17. Rfd1 Nb4 18. a3 Nbd5 19. b4 c6 20. e4 Nxc3 21. Rxc3 h6 22. e5 Nd5 23. Rg3 Nc7 24. Qg4 Qf8 25. Nd6 Rxd6 26. exd6 Nb5 27. Qf4 Kh7 28. d7 Rd8 29. Rf3 Rxd7 30. Qe4+ Kg8 31. Rg3 Nd6 32. Qe5 Nf5 33. Rgd3 Qd6 34. Qxd6 Rxd6 35. a4 Rd5 36. g4 Nd6 37. Rc1 e5 38. Rcd1 e4 39. Rc3 Ne8 40. Rc5 Rd7 41. d5 Nf6 42. d6 Kf8 43. b5 axb5 44. axb5 cxb5 45. Rxb5 Ne8 46. Re5 Nxd6 47. Rxe4 b5 48. Re5 b4 49. Rb5 Nxb5 50. Rxd7 Nc3 51. Rb7 Na2 52. Kg2 g6 53. f4 Kg7 54. Kf3 Kf6 55. Rb6+ Ke7 56. h4 Kd7 57. Rb7+ Ke6 58. h5 gxh5 59. gxh5 Kf6 60. Rb6+ Kg7 61. Kg4 Nc3 62. Rxb4 Nd5 63. Rb5 Nc3 64. Ra5 Ne4 65. Re5 Nf6+ 66. Kf3 Nd7 67. Ra5 Nf6 68. Kg3 Kh7 69. Kh4 Kg7 70. Ra6 Ne4 71. Ra5 Nf6 72. Kg3 Kh7 73. Kf3 Kg7 74. Ke3 Ng4+ 75. Ke4 Nf6+ 76. Kf3 Kh7 77. Kg3 Kg7 78. Kh4 Kh7 79. Ra1 Kg7 80. Rg1+ Kf8 81. Re1 Kg7 82. Re5 Nd7 83. Rb5 Nf6 84. f5 Ne4 85. Rb6 Nf6 86. Ra6 Nd5 87. Kg4 Nf6+ 88. Kf4 Nxh5+ 89. Ke5 Ng3 90. Ra3 Nh5 91. Rh3 f6+ 92. Ke4 1-0

[Event "Wch Blitz"]
[Site "Samarkand"]
[Date "2023.12.30"]
[Round "16"]
[White "Turayev, Shahruh"]
[Black "Pichot, Alan"]
[Result "0-1"]
[WhiteElo "2183"]
[BlackElo "2651"]
[PlyCount "54"]
[EventDate "2023.12.29"]
[EventType "swiss (blitz)"]
[EventRounds "21"]
[EventCountry "UZB"]
[SourceTitle "CBM 217 Extra"]
[Source "ChessBase"]
[SourceDate "2024.01.31"]
[SourceVersion "1"]
[SourceVersionDate "2024.01.31"]
[SourceQuality "1"]

1. e4 e5 2. Nc3 Nf6 3. Bc4 Nc6 4. d3 Bb4 5. Nge2 Na5 6. 0-0 0-0 7. Nd5 Nxd5 8. Bxd5 c6 9. Bb3 Nxb3 10. axb3 d5 11. Ng3 Re8 12. Be3 a5 13. c3 Bf8 14. exd5 cxd5 15. f4 d4 16. cxd4 exd4 17. Bd2 Qd5 18. f5 Bd7 19. Ne4 Bb5 20. Qf3 Qxb3 21. Qg4 Ra6 22. Rxa5 Qxd3 23. Rxb5 Qxb5 24. f6 g6 25. h4 h5 26. Qf3 Qd5 27. Re1 Rae6 0-1

[Event "Wch Blitz"]
[Site "Samarkand"]
[Date "2023.12.30"]
[Round "14"]
[White "Turayev, Shahruh"]
[Black "Vakhidov, Daler"]
[Result "0-1"]
[WhiteElo "2183"]
[BlackElo "2175"]
[PlyCount "80"]
[EventDate "2023.12.29"]
[EventType "swiss (blitz)"]
[EventRounds "21"]
[EventCountry "UZB"]
[SourceTitle "CBM 217 Extra"]
[Source "ChessBase"]
[SourceDate "2024.01.31"]
[SourceVersion "1"]
[SourceVersionDate "2024.01.31"]
[SourceQuality "1"]

1. e4 c5 2. Nc3 g6 3. d4 cxd4 4. Qxd4 Nf6 5. Nf3 Nc6 6. Qe3 Bg7 7. Bc4 0-0 8. 0-0 d6 9. h3 Qa5 10. Bb3 Be6 11. Nd5 Bxd5 12. Bd2 Qb6 13. Qxb6 axb6 14. exd5 Na5 15. Bxa5 bxa5 16. a4 Nd7 17. Rae1 Bf6 18. c3 Rfb8 19. Bc4 Nb6 20. Bb3 Nd7 21. Bc4 Rc8 22. Bb5 Nb6 23. Rd1 Rc5 24. b4 Rxc3 25. bxa5 Rxa5 26. Rb1 Nxd5 27. Rfd1 Rc5 28. Bd7 Nc3 29. Re1 Nxb1 30. Rxb1 Rc7 31. Bb5 d5 32. g4 h6 33. Nd2 Ra8 34. Nb3 h5 35. gxh5 gxh5 36. Kg2 Rc3 37. Nc1 Kh7 38. Ne2 Rg8+ 39. Kh2 Rf3 40. Rf1 Be5+ 0-1

[Event "Wch Blitz"]
[Site "Samarkand"]
[Date "2023.12.30"]
[Round "18"]
[White "Yonal, Timur"]
[Black "Turayev, Shahruh"]
[Result "0-1"]
[WhiteElo "2003"]
[BlackElo "2183"]
[PlyCount "92"]
[EventDate "2023.12.29"]
[EventType "swiss (blitz)"]
[EventRounds "21"]
[EventCountry "UZB"]
[SourceTitle "CBM 217 Extra"]
[Source "ChessBase"]
[SourceDate "2024.01.31"]
[SourceVersion "1"]
[SourceVersionDate "2024.01.31"]
[SourceQuality "1"]

1. e4 e6 2. d4 d5 3. Nc3 Nf6 4. Bg5 Be7 5. e5 Ne4 6. Bxe7 Qxe7 7. Bd3 Nxc3 8. bxc3 b6 9. Qg4 g6 10. Nf3 Ba6 11. 0-0 0-0 12. h4 Bxd3 13. cxd3 h5 14. Qf4 Kg7 15. g3 Nd7 16. Kg2 c5 17. Rh1 cxd4 18. Nxd4 f6 19. exf6+ Rxf6 20. Qg5 Raf8 21. f4 e5 22. Rhe1 Qc5 23. fxe5 Rf2+ 24. Kg1 R2f5 25. Qe3 Rxe5 26. Qd2 Kh7 27. Kg2 Qd6 28. Rxe5 Nxe5 29. Re1 Ng4 30. Nf3 Qf6 31. Qe2 Qxc3 32. Ng5+ Kh8 33. Rf1 Rxf1 34. Kxf1 Qc1+ 35. Kg2 Qe3 36. Qxe3 Nxe3+ 37. Kf3 Nf5 38. Ne6 Kg8 39. Nc7 d4 40. Nb5 a6 41. Nc7 a5 42. Na8 b5 43. Nc7 b4 44. Nb5 Kf7 45. Na7 a4 46. Nc6 b3 0-1

[Event "Wch Blitz"]
[Site "Samarkand"]
[Date "2023.12.29"]
[Round "1"]
[White "Chigaev, Maksim"]
[Black "Turayev, Shahruh"]
[Result "1-0"]
[WhiteElo "2621"]
[BlackElo "2183"]
[PlyCount "73"]
[EventDate "2023.12.29"]
[EventType "swiss (blitz)"]
[EventRounds "21"]
[EventCountry "UZB"]
[SourceTitle "CBM 217 Extra"]
[Source "ChessBase"]
[SourceDate "2024.01.31"]
[SourceVersion "1"]
[SourceVersionDate "2024.01.31"]
[SourceQuality "1"]

1. e4 e6 2. d3 d5 3. Nd2 Nf6 4. Ngf3 dxe4 5. dxe4 Bc5 6. Bb5+ Bd7 7. Bd3 Nc6 8. 0-0 e5 9. Nc4 Qe7 10. c3 a6 11. b4 Ba7 12. a4 Bg4 13. h3 Bh5 14. b5 Nd8 15. Ncxe5 axb5 16. Ba3 Bc5 17. Bxb5+ c6 18. Bxc5 Qxc5 19. Be2 0-0 20. Qc2 Ne6 21. Rab1 Ra7 22. Rb4 Nf4 23. Bd1 Re8 24. Nd3 Nxd3 25. Qxd3 Bg6 26. Re1 b5 27. axb5 Ra2 28. Qd4 Qxd4 29. cxd4 cxb5 30. Bb3 Ra5 31. e5 Ne4 32. Nh4 Nc3 33. Nxg6 hxg6 34. Re3 Ra1+ 35. Kh2 Nb1 36. Re1 Rd8 37. Bc2 1-0

[Event "Wch Blitz"]
[Site "Samarkand"]
[Date "2023.12.29"]
[Round "10"]
[White "Turayev, Shahruh"]
[Black "Nafri, Khalil"]
[Result "1-0"]
[WhiteElo "2183"]
[BlackElo "2248"]
[PlyCount "51"]
[EventDate "2023.12.29"]
[EventType "swiss (blitz)"]
[EventRounds "21"]
[EventCountry "UZB"]
[SourceTitle "CBM 217 Extra"]
[Source "ChessBase"]
[SourceDate "2024.01.31"]
[SourceVersion "1"]
[SourceVersionDate "2024.01.31"]
[SourceQuality "1"]

1. e4 c5 2. Nc3 Nc6 3. Bb5 Nd4 4. Bc4 g6 5. Nge2 Bg7 6. Nxd4 cxd4 7. Qf3 Nh6 8. d3 0-0 9. Ne2 Ng4 10. Bb3 d6 11. 0-0 Qb6 12. Qg3 Ne5 13. f4 Nd7 14. f5 Nc5 15. Bc4 e6 16. f6 Bh8 17. Qh4 Bd7 18. Rf3 e5 19. Ng3 Qd8 20. Bh6 Re8 21. Raf1 Be6 22. Nf5 Bxc4 23. Ne7+ Rxe7 24. fxe7 Qe8 25. dxc4 f6 26. Rxf6 1-0

[Event "Wch Blitz"]
[Site "Samarkand"]
[Date "2023.12.29"]
[Round "8"]
[White "Turayev, Shahruh"]
[Black "Sandipan, Chanda"]
[Result "0-1"]
[WhiteElo "2183"]
[BlackElo "2486"]
[PlyCount "50"]
[EventDate "2023.12.29"]
[EventType "swiss (blitz)"]
[EventRounds "21"]
[EventCountry "UZB"]
[SourceTitle "CBM 217 Extra"]
[Source "ChessBase"]
[SourceDate "2024.01.31"]
[SourceVersion "1"]
[SourceVersionDate "2024.01.31"]
[SourceQuality "1"]

1. e4 c5 2. Nc3 d6 3. f4 g6 4. Nf3 Bg7 5. Bc4 Nc6 6. 0-0 e6 7. d3 Nge7 8. Qe1 0-0 9. f5 gxf5 10. Qg3 Kh8 11. Kh1 d5 12. exd5 exd5 13. Bb3 Be6 14. Bg5 Qd7 15. Rae1 Ng8 16. Qh4 Rae8 17. Bf4 d4 18. Nb5 Bf6 19. Ng5 h6 20. Nd6 Re7 21. Qh5 Bxb3 22. axb3 Rxe1 23. Rxe1 Bxg5 24. Bxg5 Qxd6 25. g3 Qg6 0-1

[Event "Wch Rapid"]
[Site "Samarkand"]
[Date "2023.12.27"]
[Round "6"]
[White "Turayev, Shahruh"]
[Black "Tsaruk, Maksim"]
[Result "0-1"]
[WhiteElo "2183"]
[BlackElo "2460"]
[PlyCount "98"]
[EventDate "2023.12.26"]
[EventType "swiss (rapid)"]
[EventRounds "13"]
[EventCountry "UZB"]
[SourceTitle "CBM 217 Extra"]
[Source "ChessBase"]
[SourceDate "2024.01.31"]
[SourceVersion "1"]
[SourceVersionDate "2024.01.31"]
[SourceQuality "1"]

1. d4 Nf6 2. c4 e6 3. Nf3 b6 4. g3 Bb7 5. Bg2 Be7 6. 0-0 0-0 7. Nc3 Ne4 8. Qc2 Nxc3 9. bxc3 f5 10. c5 bxc5 11. Qb3 Qc8 12. Ba3 c4 13. Qa4 Bxa3 14. Qxa3 d6 15. Rab1 Bd5 16. Nd2 Nd7 17. f3 Nb6 18. e4 Bc6 19. Qa5 f4 20. Bh3 Qe8 21. Qg5 e5 22. d5 Bd7 23. Bxd7 Qxd7 24. Rb4 a5 25. Rbb1 Rf6 26. g4 Qa4 27. Rb2 Qa3 28. Rc2 Na4 29. Qh4 Nc5 30. Rb1 Nd3 31. Nf1 c6 32. dxc6 Qc5+ 33. Kh1 Qxc6 34. Qh3 d5 35. exd5 Qxd5 36. Qg2 Re8 37. Nd2 Rff8 38. Ne4 Rb8 39. Qf1 a4 40. Rd2 a3 41. g5 Rb2 42. Rbd1 Rfb8 43. Qg2 Rxd2 44. Nxd2 Rb2 45. g6 h6 46. Rb1 Qc5 47. h4 Qe3 48. Kh2 Qxd2 49. Rxb2 Qxb2 0-1

[Event "Wch Rapid"]
[Site "Samarkand"]
[Date "2023.12.26"]
[Round "2"]
[White "Turayev, Shahruh"]
[Black "Ponkratov, Pavel"]
[Result "0-1"]
[WhiteElo "2183"]
[BlackElo "2608"]
[PlyCount "64"]
[EventDate "2023.12.26"]
[EventType "swiss (rapid)"]
[EventRounds "13"]
[EventCountry "UZB"]
[SourceTitle "CBM 217 Extra"]
[Source "ChessBase"]
[SourceDate "2024.01.31"]
[SourceVersion "1"]
[SourceVersionDate "2024.01.31"]
[SourceQuality "1"]

1. d4 Nf6 2. c4 e6 3. g3 c5 4. d5 exd5 5. cxd5 d6 6. Nc3 g6 7. Bg2 Bg7 8. Nf3 0-0 9. 0-0 Re8 10. Bf4 a6 11. a4 h6 12. Re1 g5 13. Bc1 Nbd7 14. e4 Rb8 15. a5 b5 16. axb6 Rxb6 17. h3 Rb4 18. Ra4 a5 19. Nh2 c4 20. Rxb4 axb4 21. Nb5 Nc5 22. Be3 Nd3 23. Re2 Nxe4 24. b3 Nc3 25. Nxc3 bxc3 26. bxc4 Bf5 27. Nf3 Nb2 28. Qb3 Qc8 29. g4 Bd3 30. Rxb2 Bxc4 31. Qc2 cxb2 32. Nd4 Bxd4 0-1

[Event "Titled Tuesday intern op 12th Sep Early"]
[Site "Chess.com INT"]
[Date "2023.09.12"]
[Round "6"]
[White "Le, Tuan Minh"]
[Black "Turayev, Shahruh"]
[Result "1-0"]
[WhiteElo "2559"]
[BlackElo "2193"]
[PlyCount "99"]
[EventDate "2023.09.12"]
[EventType "swiss (blitz)"]
[EventRounds "11"]
[EventCountry "USA"]
[SourceTitle "EXT 2024"]
[Source "ChessBase"]
[SourceDate "2023.10.10"]
[SourceVersion "1"]
[SourceVersionDate "2023.10.10"]
[SourceQuality "1"]

1. d4 Nf6 2. Nf3 d5 3. Bf4 c5 4. c3 Nc6 5. e3 Qb6 6. Qc2 g6 7. Nbd2 Bf5 8. dxc5 Qxc5 9. Qb3 Na5 10. Qa4+ Bd7 11. Nb3 Nxb3 12. Qxb3 Bc6 13. Be2 Bg7 14. 0-0 0-0 15. Rfd1 Rfd8 16. h3 Ne4 17. Ne5 a5 18. a4 e6 19. Bf3 Nd6 20. Be2 Nc4 21. Nxc4 dxc4 22. Bxc4 h5 23. Bf1 Bd5 24. Qc2 Bc4 25. Rxd8+ Rxd8 26. Rd1 Rxd1 27. Qxd1 Bxf1 28. Qxf1 Qc6 29. Qb5 Qxb5 30. axb5 Kf8 31. e4 f5 32. f3 Ke8 33. Kf1 Kd7 34. Ke2 fxe4 35. fxe4 a4 36. Kd3 b6 37. Kc2 Bf8 38. b3 axb3+ 39. Kxb3 Be7 40. Kc4 g5 41. Be5 g4 42. hxg4 hxg4 43. Kd3 Bd8 44. c4 Bg5 45. Bd4 Kc7 46. c5 bxc5 47. Bxc5 Kb7 48. Kd4 Bf6+ 49. Ke3 Kc7 50. Kf4 1-0

[Event "Titled Tuesday intern op 12th Sep Early"]
[Site "Chess.com INT"]
[Date "2023.09.12"]
[Round "2"]
[White "Turayev, Shahruh"]
[Black "Asish, Panda"]
[Result "1/2-1/2"]
[WhiteElo "2193"]
[BlackElo "1731"]
[PlyCount "101"]
[EventDate "2023.09.12"]
[EventType "swiss (blitz)"]
[EventRounds "11"]
[EventCountry "USA"]
[SourceTitle "EXT 2024"]
[Source "ChessBase"]
[SourceDate "2023.10.10"]
[SourceVersion "1"]
[SourceVersionDate "2023.10.10"]
[SourceQuality "1"]

1. d4 d5 2. c4 e6 3. Nf3 Nf6 4. g3 Be7 5. Bg2 0-0 6. 0-0 dxc4 7. Qc2 a6 8. Qxc4 b5 9. Qc2 Bb7 10. Bd2 Be4 11. Qc1 Nbd7 12. Ba5 Rc8 13. Nbd2 Bb7 14. Qc2 Nb6 15. b4 Qd5 16. Nh4 Qxd4 17. Bxb7 Rb8 18. Nhf3 Qg4 19. Bxa6 Bxb4 20. h3 Qxh3 21. Bxb4 Rfd8 22. Qxc7 Nbd5 23. Qc5 Ng4 24. a3 Nde3 25. Qxe3 Nxe3 26. fxe3 Qxg3+ 27. Kh1 Rd5 28. Nh2 Qxe3 29. a4 bxa4 30. Rxa4 Rxd2 31. Bxd2 Qxd2 32. Nf3 Qh6+ 33. Kg2 Qg6+ 34. Kf2 Qc2 35. Rfa1 Qc5+ 36. e3 Rb2+ 37. Be2 h6 38. Ra8+ Kh7 39. R8a2 Qc2 40. Rxb2 Qxb2 41. Rd1 g6 42. Rd4 Kg7 43. Rd7 Qb6 44. Ne5 Kf6 45. Nxf7 Qc6 46. Ra7 Qh1 47. Nh8 Qh2+ 48. Kf1 Qh1+ 49. Kf2 Qh4+ 50. Kf1 Qh1+ 51. Kf2 1/2-1/2

[Event "Titled Tuesday intern op 22nd Aug Late"]
[Site "Chess.com INT"]
[Date "2023.08.22"]
[Round "3"]
[White "Bazilius, Augustinas"]
[Black "Turayev, Shahruh"]
[Result "0-1"]
[WhiteElo "2052"]
[BlackElo "2193"]
[PlyCount "70"]
[EventDate "2023.08.22"]
[EventType "swiss (blitz)"]
[EventRounds "11"]
[EventCountry "USA"]
[SourceTitle "EXT 2024"]
[Source "ChessBase"]
[SourceDate "2023.10.10"]
[SourceVersion "1"]
[SourceVersionDate "2023.10.10"]
[SourceQuality "1"]

1. d4 Nf6 2. c4 c5 3. d5 b5 4. cxb5 a6 5. e3 axb5 6. Bxb5 Qa5+ 7. Nc3 Bb7 8. Bd2 Qb6 9. a4 Nxd5 10. Nf3 e6 11. 0-0 Be7 12. e4 Nb4 13. Ne5 0-0 14. Qg4 Bf6 15. Nc4 Qd8 16. e5 Be7 17. Bh6 g6 18. Bxf8 Qxf8 19. Nb6 Ra7 20. Rad1 N4c6 21. Qg3 Nd4 22. Qe3 d5 23. exd6 Bxd6 24. Ne2 Nf5 25. Qc3 Na6 26. Nd7 Qh6 27. Nf6+ Kf8 28. Ng3 Be7 29. Ng4 Qg7 30. Qxg7+ Kxg7 31. Nxf5+ gxf5 32. Ne3 Be4 33. f3 Ba8 34. Nc4 Bf6 35. Rd7 Bd4+ 0-1

[Event "Titled Tuesday intern op 22nd Aug Early"]
[Site "Chess.com INT"]
[Date "2023.08.22"]
[Round "5"]
[White "Piorun, Kacper"]
[Black "Turayev, Shahruh"]
[Result "1-0"]
[WhiteElo "2597"]
[BlackElo "2193"]
[PlyCount "63"]
[EventDate "2023.08.22"]
[EventType "swiss (blitz)"]
[EventRounds "11"]
[EventCountry "USA"]
[SourceTitle "EXT 2024"]
[Source "ChessBase"]
[SourceDate "2023.10.10"]
[SourceVersion "1"]
[SourceVersionDate "2023.10.10"]
[SourceQuality "1"]

1. d4 d5 2. c4 dxc4 3. e3 c5 4. Bxc4 cxd4 5. Nf3 Nc6 6. exd4 e6 7. 0-0 Nf6 8. Nc3 Be7 9. Re1 0-0 10. Bg5 h6 11. Bh4 a6 12. Rc1 b5 13. Bd3 Bb7 14. Bb1 Nb4 15. Ne5 Nfd5 16. Bxe7 Qxe7 17. a3 Nxc3 18. Rxc3 Nd5 19. Qc2 f5 20. Ng6 Qf6 21. Nxf8 Nxc3 22. Nxe6 Ne4 23. Ba2 Kh8 24. f3 Qh4 25. g3 Nxg3 26. Qf2 f4 27. d5 Re8 28. hxg3 fxg3 29. Qd2 Rxe6 30. Rxe6 g2 31. Kxg2 Qg5+ 32. Qxg5 1-0

[Event "Titled Tuesday intern op 01st Aug Early"]
[Site "Chess.com INT"]
[Date "2023.08.01"]
[Round "1"]
[White "Turayev, Shahruh"]
[Black "Spichkin, Alexander"]
[Result "1-0"]
[WhiteElo "2193"]
[BlackElo "2052"]
[PlyCount "115"]
[EventDate "2023.08.01"]
[EventType "swiss (blitz)"]
[EventRounds "11"]
[EventCountry "USA"]
[SourceTitle "EXT 2024"]
[Source "ChessBase"]
[SourceDate "2023.10.10"]
[SourceVersion "1"]
[SourceVersionDate "2023.10.10"]
[SourceQuality "1"]

1. d4 e6 2. c4 f5 3. Nc3 Bb4 4. g3 Nf6 5. Bg2 Bxc3+ 6. bxc3 0-0 7. Nh3 Ne4 8. 0-0 Nxc3 9. Qc2 Ne4 10. Bxe4 fxe4 11. Qxe4 d5 12. Qc2 Nc6 13. Rd1 e5 14. Ng5 Bf5 15. e4 Nxd4 16. Rxd4 exd4 17. exf5 Qf6 18. cxd5 d3 19. Qb1 Qxf5 20. Be3 Qxd5 21. Nh3 Rad8 22. Nf4 Qc4 23. Qxb7 Qc2 24. Qb3+ Qxb3 25. axb3 d2 26. Rd1 a5 27. Ne6 Rd3 28. Nxf8 Kxf8 29. Rxd2 Rxb3 30. Rd7 Rc3 31. Rd5 a4 32. Ra5 Rc4 33. Kf1 Ke7 34. Ke2 Kd6 35. Kd3 Rg4 36. h3 Rg6 37. Rxa4 c6 38. Rd4+ Ke5 39. Rg4 Rd6+ 40. Kc4 Rd7 41. Rxg7 Rd1 42. Rxh7 Kf5 43. g4+ Ke4 44. Re7+ Kf3 45. g5 Rg1 46. Kc5 Kg2 47. g6 Kxh3 48. g7 Kh4 49. Kxc6 Kh5 50. Kd7 Rg2 51. Ke8 Rg1 52. Kf8 Rg4 53. Kg8 Rg6 54. Kh7 Rf6 55. Re5+ Kh4 56. Bg5+ Kg4 57. Bxf6 Kf3 58. g8Q 1-0

[Event "Titled Tuesday intern op 25th Jul Early"]
[Site "Chess.com INT"]
[Date "2023.07.25"]
[Round "6"]
[White "Osmak, Iulija"]
[Black "Turayev, Shahruh"]
[Result "0-1"]
[WhiteElo "2444"]
[BlackElo "2193"]
[PlyCount "90"]
[EventDate "2023.07.25"]
[EventType "swiss (blitz)"]
[EventRounds "11"]
[EventCountry "USA"]
[SourceTitle "EXT 2024"]
[Source "ChessBase"]
[SourceDate "2023.10.10"]
[SourceVersion "1"]
[SourceVersionDate "2023.10.10"]
[SourceQuality "1"]

1. b3 e5 2. Bb2 Nc6 3. e3 d5 4. Bb5 Bd6 5. Nf3 Qe7 6. d4 e4 7. Ne5 Bd7 8. Bxc6 bxc6 9. c4 Nf6 10. Nxc6 Bxc6 11. c5 Bb5 12. Nc3 Bd3 13. cxd6 cxd6 14. g4 0-0 15. g5 Nd7 16. Nxd5 Qxg5 17. Nf4 Ba6 18. h4 Qf5 19. Rg1 f6 20. Qh5 Qxh5 21. Nxh5 Rf7 22. Rc1 Nb6 23. Nf4 Rc8 24. Kd2 Rfc7 25. Ne6 Re7 26. Nf4 Kf7 27. Ba3 Rd7 28. Bb4 Rxc1 29. Rxc1 g5 30. Nh5 Nd5 31. Ba5 Kg6 32. Ng3 Re7 33. h5+ Kf7 34. Rc6 Bd3 35. Rxd6 Nb6 36. Bxb6 axb6 37. Rxb6 Rc7 38. Nf5 Rc2+ 39. Kd1 Rxf2 40. Rb7+ Ke6 41. Ng7+ Kd6 42. Ne8+ Kc6 43. Rxh7 Kb6 44. h6 f5 45. Rf7 f4 0-1